Ipad for Seniors for Dummies. (Record no. 150)

MARC details
005 - DATE AND TIME OF LATEST TRANSACTION
control field 20250616172336.0
020 ## - INTERNATIONAL STANDARD BOOK NUMBER
International Standard Book Number 978-1-119-13779-5
082 ## - DEWEY DECIMAL CLASSIFICATION NUMBER
Classification number 004.16 MUI
100 ## - MAIN ENTRY--PERSONAL NAME
Author name MUIR, N. C.
245 ## - TITLE STATEMENT
Title Ipad for Seniors for Dummies.
250 ## - EDITION STATEMENT
Edition statement 8thEd.
260 ## - PUBLICATION, DISTRIBUTION, ETC.
Place of publication, distribution, etc. Hoboken,
Name of publisher, distributor, etc. John Wiley & Son,
Date of publication, distribution, etc. 2016.
300 ## - PHYSICAL DESCRIPTION
Extent 432p.:Ill.; figures, picture & tables,
Other physical details Index
Dimensions 23cm.
942 ## - ADDED ENTRY ELEMENTS (KOHA)
Source of classification or shelving scheme Dewey Decimal Classification
Koha item type Books
Holdings
Date last seen Total checkouts Full call number Barcode Cost, replacement price Price effective from Koha item type Lost status Source of classification or shelving scheme Damaged status Not for loan Withdrawn status Home library Current library Shelving location Date acquired Cost, normal purchase price
03/07/2025   004.16 MUI 000000322 90000.00 03/07/2025 Books   Dewey Decimal Classification       College of Business Education Main Library College of Business Education Main Library General Collection 03/07/2025 30000.00
03/07/2025   004.16 MUI 000000323 90000.00 03/07/2025 Books   Dewey Decimal Classification       College of Business Education Main Library College of Business Education Main Library General Collection 03/07/2025 30000.00
03/07/2025   004.16 MUI 000000324 90000.00 03/07/2025 Books   Dewey Decimal Classification       College of Business Education Main Library College of Business Education Main Library General Collection 03/07/2025 30000.00